00246 a2200109 450000100060000002000180000608200150002410000270003924500210006626000410008730000080012866104 a9788172454340 a297.31 WEN aTanja Al Hariri Wendel aSymbols of Islam aNew DelhibGoodwill Publishing House a320